000 01327nam0a2200349 4500
001 RU\NLR\bibl\1712301
005 20260210134721.0
010 _a978-5-9551-0017-3
_91000
021 _aRU
_b2010-89311
_95997
035 _a(NLR Aleph) 001703329
090 _a1234329
_c1234329
100 _a20101210d2010 u y0rusy50 ca
101 1 _arus
_cfre
102 _aRU
105 _aa |||||||||
200 1 _aПротопоп Аввакум и начало раскола
_fПьер Паскаль
_gпер. с фр. С.С. Толстого
_gнауч. ред. пер.: Е.М. Юхименко
210 _aМосква
_cЗнак
_d2010
215 _a680 с.
_cил.
_d24
320 _aБиблиогр.: с. 623-640
320 _aУказ. имен: с. 641-680
600 0 _aАввакум
_cпротопоп
_f1620 - 1682
_2nlr_sh1
_2nlr_sh2
_3RU\NLR\AUTH\66110172
606 1 _aРаскол
_xИстория
_2nlr_sh1
_2nlr_sh2
_3RU\NLR\AUTH\66110173
686 _aЭ372.242-3
700 1 _aПаскаль
_bП.
_f1890-1983
_gПьер
_3RU\NLR\AUTH\770197774
_4070
702 0 _aАввакум
_cпротопоп
_f1620-1682
_3RU\NLR\AUTH\778212
_4570
801 0 _aRU
_bNLR
_c20101210
_gRCR
801 1 _aRU
_bNLR
_c20101210
942 _cUNSPEC
980 _aNB